|
|
|
|
| LEADER |
01216nam a2200325 a 4500 |
| 001 |
17637 |
| 003 |
BD-DhAAL |
| 005 |
20140522101030.0 |
| 008 |
140522s1994 pau b 001 0 eng d |
| 010 |
|
|
|a 93009448
|
| 020 |
|
|
|a 1566391059 (cl : alk. paper)
|
| 020 |
|
|
|a 1566391067 (pb : alk. paper)
|
| 040 |
|
|
|a DLC
|c DLC
|d DLC
|d BD-DhAAL
|
| 041 |
|
|
|a eng
|
| 043 |
|
|
|a n-us---
|
| 050 |
0 |
0 |
|a HQ1421
|b .W655 1994
|
| 082 |
0 |
0 |
|a 305.48/9693
|2 20
|
| 245 |
0 |
0 |
|a Women of color in U.S. society /
|c edited by Maxine Baca Zinn and Bonnie Thornton Dill.
|
| 260 |
|
|
|a Philadelphia :
|b Temple University Press,
|c 1994.
|
| 300 |
|
|
|a xv, 339 p. ;
|c 24 cm.
|
| 490 |
|
0 |
|a Women in the political economy
|
| 504 |
|
|
|a Includes bibliographical references and index.
|
| 541 |
|
|
|e 17637
|
| 650 |
|
0 |
|a Minority women
|z United States.
|9 4626
|
| 700 |
1 |
|
|a Zinn, Maxine Baca,
|d 1942-
|9 4655
|
| 700 |
1 |
|
|a Dill, Bonnie Thornton.
|9 4656
|
| 740 |
0 |
|
|a Women of color in US society.
|
| 942 |
|
|
|2 ddc
|c BK
|
| 999 |
|
|
|c 14370
|d 14370
|
| 952 |
|
|
|0 0
|1 0
|2 ddc
|4 0
|6 305_489693000000000_WOM
|7 0
|9 24354
|a BRACUL
|b BRACUL
|c GEN
|d 2014-05-22
|l 0
|o 305.489693 WOM
|p 3010017637
|r 2014-05-22
|t 1
|w 2014-05-22
|y BK
|x Transferred from ENH to Ayesha Abed library on 20/12/2023
|